| 000 | 00838nam a22002897a 4500 | ||
|---|---|---|---|
| 003 | CHAP | ||
| 005 | 20220329134950.0 | ||
| 008 | 971013s1980 r 00010 d | ||
| 010 | _a28783 | ||
| 011 | _a29755 | ||
| 035 | _a33866 | ||
| 040 | _cCHAP | ||
| 082 |
_a664.92 _bL38 |
||
| 100 | 0 | 0 |
_aLawrie, Ralston Andrew. _965184 |
| 245 | _aDevelopments in meat science | ||
| 260 |
_aLondon : _bApplied Science, _c1980 |
||
| 300 |
_av. _b: ilus. ; gráfs. |
||
| 490 | _aThe developments series | ||
| 500 | _aLa biblioteca tiene: v.1 | ||
| 590 |
_aBATCH-UPD _b10 _c20130110 _lUCH01 _h1054 |
||
| 590 |
_aCONVERSION _b10 _c20130109 _lUCH01 _h1316 |
||
| 650 | 1 | 4 |
_aCarne. _919053 |
| 830 | 0 |
_aThe developments series _9112648 |
|
| 901 | _aBK | ||
| 942 | _cLIBRO | ||
| 949 |
_a664.92 L38 _bBC _cLIBRO _d33724000131868 _eLIBRO _fv.1 _h55234 _i33866 _si |
||
| 999 |
_c28783 _d28783 |
||